000 00700nam a2200217 i 4500
001 28194
003 ES-MaACL
005 20240320062600.0
007 t|
008 030116s1969 sp ||||1| spa d
100 0 _aAzorín,
_d1873-1967
_924326
245 1 3 _aLa generación del 98 /
_cAzorín ; introducción de Ángel Cruz Rueda.
260 _aSalamanca :
_bAnaya,
_c1969.
300 _a138 p., 1 lám. ;
_c17 cm.
490 1 _aBiblioteca Anaya. Autores españoles ;
_v12
650 4 _aGeneración del 98 (Literatura)
_913051
700 1 _aCruz Rueda, Angel.
_941847
830 1 _aBiblioteca Anaya. Autores españoles ;
_v12
_9181802
852 _aES-MaACL
_jC-40514
999 _c28194
_d28194